00461nam a2200157Ia 4500008004100000020001800041082001600059100002100075245004700096250000800143260007000151300002300221500001900244600002000263650002000283240925s9999 xx 000 0 und d a9789339204068 a338.5024BAY aBaye, Michael R. 0aManagerial Economics and Business Strategy a8th aNew Delhi:bMcGraw Hill Education (India) Private Limitedc,2014. a482p.b0fOriginal aIncludes Index aSocial Sciences aSocial Sciences